[Event "RUS-chT Premier League 2018"]
[Site "Sochi"]
[Date "2018.05.01"]
[Round "1"]
[White "Drygalov, Sergey"]
[Black "Alekseenko, Kirill"]
[Result "1-0"]
[WhiteElo "2421"]
[BlackElo "2625"]
[Annotator "TA"]
[PlyCount "135"]
[EventDate "2018.??.??"]
[EventCountry "RUS"]
[SourceTitle "playchess.com"]
[Source "ChessBase"]
[SourceQuality "1"]

{[%evp 16,135,38,26,34,58,56,-7,46,47,46,40,75,80,95,78,90,86,91,88,145,152,170,180,177,166,172,150,153,162,157,152,201,199,234,241,238,218,323,319,307,133,190,188,284,275,270,258,306,308,301,274,283,184,192,176,209,193,232,225,298,279,310,315,354,289,288,309,289,220,352,331,352,344,435,420,416,423,420,419,417,425,397,274,264,266,278,266,266,271,247,159,159,159,159,159,341,341,341,341,583,536,750,709,672,562,1333,724,1352,1149,5447,1214,29944,29937,29957,29944,29952,29964,29967,29968,8570,6107]} 1. d4 Nf6 2. Nf3 e6 3. c4 Bb4+ 4. Nbd2 O-O 5. a3 Be7 6. e4 d6 {E11: Bogo-Indian} 7. Bd3 (7. Be2 c5 8. d5 e5 9. Qc2 Nbd7 10. Nf1 a6 11. Bd2 Nh5 12. g3 g6 13. Ne3 Ng7 14. Bd3 {½-½ (35) Ding,L (2774)-Carlsen,M (2837) Saint Louis 2017}) 7... Nbd7 8. b4 e5 9. Bb2 {LiveBook: 6 Games} Nh5 $146 ({Predecessor:} 9... exd4 10. Nxd4 c5 11. Nf5 Ne5 12. Bc2 Bxf5 13. exf5 Nc6 14. b5 {½-½ (44) Ponkratov,P (2589)-Morozevich,A (2683) Sochi 2016}) 10. g3 Bf6 11. Be2 (11. d5 $14) 11... g6 (11... exd4 $11 12. Bxd4 (12. Nxd4 c5 $11) 12... b6) 12. dxe5 $14 Bg7 13. Rb1 dxe5 14. c5 Qe7 15. O-O Rd8 16. Qc2 Nb8 17. Nb3 f5 ({Black should play} 17... Bg4) 18. Rbd1 $16 Rf8 19. Na5 Nc6 20. Nxc6 bxc6 21. exf5 Bxf5 22. Qb3+ Kh8 23. Rfe1 e4 24. Nd4 $1 Bd7 {[#]} 25. Bxh5 $1 gxh5 26. f3 Qg5 (26... a5 $142 27. Rxe4 Qf7 28. Qxf7 Rxf7 29. bxa5 Kg8) 27. Rxe4 $18 Rae8 {If only Black now had time for ...Rxe4....} 28. Rde1 (28. Ne6 $18 {and the rest is easy.} Bxe6 29. Bxg7+ Qxg7 30. Rxe6) 28... Rxe4 (28... Qd5 $16 29. Rxe8 Rxe8 30. Rxe8+ Bxe8) 29. Rxe4 (29. fxe4 $2 {perishes.} Qd2 $19) 29... h4 (29... Qd2 {was worth a try.}) 30. Ne2 ({Not} 30. Rxh4 Qd2 $16) 30... hxg3 31. Bxg7+ ({Don't take} 31. Nxg3 $6 Bh3 $16) 31... Qxg7 32. hxg3 Bf5 33. Re3 Rd8 34. Qc3 Qxc3 35. Nxc3 {[%mdl 4096] Endgame KRB-KRN} Kg8 36. g4 Bg6 37. Kf2 Kf8 38. Ne2 Bf7 39. Nf4 Rd2+ 40. Re2 Rd7 41. Ne6+ Kg8 42. Re3 Bg6 (42... h5 $142 43. Re4 Rd2+ 44. Kg3 hxg4 45. Rxg4+ Kh8) 43. f4 {[%cal Bf3f4,Bf4f5][%mdl 32]} Bc2 44. Kg3 Kf7 45. f5 Kf6 46. Kf4 Rd1 47. Nxc7 Rd4+ 48. Kg3 Rc4 49. Ne6 h5 50. gxh5 Bxf5 51. Nd8 Bd7 52. Rf3+ Ke7 53. Nf7 {Strongly threatening Ne5.} Rg4+ 54. Kf2 {Black must now prevent Ne5.} Rh4 {[#]} 55. Ne5 $1 {[%cal Re5g6] aiming for Ng6+.} Rh2+ $2 (55... Rxh5 $16 {was necessary.} 56. Rf7+ Ke6) 56. Kg3 Rxh5 57. Rf7+ Ke6 $2 (57... Ke8 {keeps fighting.}) 58. Rxd7 Rxe5 {KR-KR} 59. Rd6+ Kf5 60. Kf3 a5 {intending ...axb4.} 61. Rxc6 Re1 62. Ra6 axb4 63. axb4 {[%cal Ba3b4,Bb4b5][%mdl 32]} Rb1 64. Rb6 Ke5 65. c6 Kd6 66. b5 Rc1 67. Rb7 Rc5 68. Ke3 {Precision: White = 71%, Black = 36%.} 1-0

[Event "RUS-chT Premier League 2018"]
[Site "Sochi"]
[Date "2018.05.01"]
[Round "1"]
[White "Skatchkov, Valery"]
[Black "Stupak, Kirill"]
[Result "1/2-1/2"]
[WhiteElo "2351"]
[BlackElo "2556"]
[Annotator "TA"]
[PlyCount "160"]
[EventDate "2018.??.??"]
[EventCountry "RUS"]
[SourceTitle "playchess.com"]
[Source "ChessBase"]
[SourceQuality "1"]

{[%evp 21,160,11,12,3,10,-16,-16,-20,-20,-12,-7,0,11,11,3,6,18,0,10,12,8,6,6,6,5,7,7,0,4,0,6,6,14,0,0,0,0,0,0,0,0,0,0,0,0,0,0,0,0,0,0,0,0,0,0,0,0,0,0,0,0,0,0,0,0,0,0,0,0,0,0,0,0,0,0,0,0,0,0,0,0,0,0,0,0,0,0,0,0,0,0,0,0,0,0,0,0,0,0,0,0,0,0,0,0,0,0,0,0,0,0,0,0,0,0,0,0,0,0,0,0,0,0,0,0,0,0,0,0,0,0,0,0,0,0,0,0,0,0,0,0]} 1. d4 d6 2. Nf3 Bg4 3. c4 Nd7 4. Nc3 Ngf6 5. g3 e5 6. Bg2 c6 7. O-O Be7 8. dxe5 dxe5 9. Qc2 O-O {A11: English Opening: 1...c6} 10. b3 (10. h3 Bh5 11. Nh4 Nc5 12. g4 Bg6 13. Nxg6 hxg6 14. b3 Ne6 15. e3 Nd7 16. Bb2 f5 17. Rad1 {0-1 (55) Hasangatin,R (2512)-Rublevsky,S (2692) Sochi 2016}) 10... Re8 11. Bb2 Qc7 {LiveBook: 3 Games. The position is equal.} 12. Rad1 Nc5 $146 {[%cal Bd7c5,Bc5e6,Be6g5,Bg5e4][%mdl 32]} ({Predecessor:} 12... a5 13. h3 Bh5 14. Nh4 Nc5 15. g4 Bg6 16. Nxg6 hxg6 17. Nb1 {½-½ (46) Gyorkos,L (2389)-Dearing,E (2417) France 2006}) 13. Ng5 a5 14. Nce4 Nfxe4 15. Nxe4 Ne6 16. c5 Bf5 17. Nf6+ Bxf6 18. Qxf5 Qe7 19. Bxe5 Qxc5 20. Be4 Ng5 $1 ({Not} 20... Qxe5 $2 21. Qxh7+ Kf8 22. Rd7 $18) 21. Bxf6 Nxe4 22. Qxc5 Nxc5 23. Bd4 Na6 24. Rfe1 a4 25. Bb6 Nb4 26. Rd7 a3 27. Rxb7 Nxa2 28. Bd4 {[#]} c5 $1 {[%mdl 512]} 29. Ra1 (29. Bxc5 Nc3) 29... Rxe2 30. Bxc5 h5 31. Ra7 Rxa7 32. Bxa7 $11 {[%mdl 4096] Endgame KRB-KRN} Rc2 {[#]} 33. Bc5 $1 {[%mdl 512]} Nc1 (33... Rxc5 34. Rxa2) 34. Bxa3 Nxb3 35. Rd1 Nd2 36. Bc1 Nc4 37. Bf4 f6 38. h4 Kf7 39. Rc1 Rxc1+ 40. Bxc1 {KB-KN} Ke6 41. Kg2 Kf5 42. f3 Ke5 43. Bf4+ Kd4 44. g4 g6 45. Bh6 Ne3+ 46. Kg3 Nd5 47. Bg7 Ke3 48. Bh6+ Ke2 49. Bg7 Ke3 50. Bh6+ Ke2 51. Bg7 f5 52. gxf5 gxf5 53. Bh6 $1 Kd3 54. Bc1 Kd4 55. Bb2+ Kc5 56. Be5 Kc4 57. Bf4 Kd4 58. Bc1 Ke5 59. Bb2+ Ke6 60. Bc1 Nc3 61. Bd2 (61. Kg2 {with more complications.} Ne2 62. Bh6 Nd4 63. Kg3 Ne2+ 64. Kf2) 61... Nd5 62. Bc1 Nb4 63. Bd2 Nd3 64. Bh6 Kd5 65. Bd2 Kc4 66. Bg5 Kd4 67. Bh6 Kc5 68. Be3+ Kd5 69. Bd2 Kd4 70. Bh6 Kc3 71. Bf4 Kc2 72. Bg5 Kd1 73. Bh6 Ke2 74. Bg5 Kd1 75. Be3 Kc2 76. Bg5 Kc3 77. Bh6 Kd4 78. Bd2 Kd5 79. Bh6 Ke6 80. Bd2 Ke5 {Precision: White = 87%, Black = 90%.} 1/2-1/2

[Event "RUS-chT Premier League 2018"]
[Site "Sochi"]
[Date "2018.05.01"]
[Round "1"]
[White "Pogorelskikh, Sergey"]
[Black "Antipov, Mikhail Al"]
[Result "0-1"]
[WhiteElo "2153"]
[BlackElo "2597"]
[Annotator "TA"]
[PlyCount "114"]
[EventDate "2018.??.??"]
[EventCountry "RUS"]
[SourceTitle "playchess.com"]
[Source "ChessBase"]
[SourceQuality "1"]

{[%evp 14,114,38,39,57,64,38,29,56,12,12,16,29,-2,5,29,43,45,27,19,47,-24,59,18,20,-55,-41,-102,-102,-144,-145,-148,-106,-183,-183,-166,-166,-156,-158,-180,-165,-157,-166,-192,-192,-164,-42,-173,-88,-97,-99,-105,-100,-107,-70,-323,-297,-435,-436,-660,-655,-610,-561,-945,-937,-1738,-615,-736,-744,-930,-554,-544,-202,-200,-180,-205,-147,-150,-141,-138,-141,-155,-136,-142,-140,-151,-149,-154,-97,-97,-97,-97,-76,-177,-113,-911,-813,-791,-750,-5057,-5057,-2133,-1472]} 1. e4 c5 2. Nf3 e6 3. d4 cxd4 4. Nxd4 Nc6 5. Nc3 Qc7 6. Be3 a6 7. Qf3 {B48: Sicilian: Taimanov: 5 Nc3 Qc7 6 Be3 a6 without Be2} h5 (7... Nf6 8. O-O-O Ne5 9. Qg3 b5 10. a3 Bb7 11. Bxb5 Rc8 12. Ba4 Nxe4 13. Nxe4 Bxe4 14. Bf4 Qc4 15. Bxe5 Qxa4 {1-0 (38) Vachier Lagrave,M (2789)-Anand,V (2776) Karlsruhe/Baden-Baden 2018}) 8. O-O-O {LiveBook: 5 Games} Ne5 9. Qe2 $146 {White is slightly better.} ({Predecessor:} 9. Qg3 h4 10. Qh3 b5 11. f4 Nc4 12. Bxc4 bxc4 13. Kb1 {½-½ (13) Solak,D (2635)-Miladinovic,I (2545) Kragujevac 2016}) 9... Ng4 10. Bg5 Bb4 11. h3 N4f6 12. Bd2 Bxc3 13. bxc3 (13. Bxc3 {keeps more tension.} Qf4+ 14. Kb1 Nxe4 15. Be1 d5 16. c4) 13... b5 14. f3 $1 Ne7 15. c4 $1 e5 16. Nb3 $1 {Black must now prevent Bb4.} Nc6 17. Bc3 (17. Be3 $14) 17... d6 (17... b4 $11 18. Be1 a5) 18. Qd2 Ke7 $1 19. Qe3 ({Better is} 19. c5 $11 dxc5 20. Qg5 (20. Nxc5 Rd8 $11)) 19... Be6 20. c5 (20. f4 $1 $15 bxc4 21. Nd2) 20... d5 $17 {[%cal Bd6d5,Bd5d4][%mdl 32]} 21. Qg5 d4 22. Bb2 h4 23. Be2 (23. c3 $17 Rad8 24. cxd4) 23... Kf8 $19 24. c3 dxc3 25. Bxc3 b4 26. Bb2 a5 $1 {[%cal Ba6a5,Ba5a4,Ba4a3][%mdl 32] ...a4 is the strong threat.} 27. Kb1 a4 28. Nd2 a3 $1 {[%cal Ra3b2]} 29. Ba1 {[#]} Nd4 ({Black should try} 29... b3 $1 $19 {[%cal Rb3a2][%mdl 512]} 30. Nxb3 (30. axb3 a2+) 30... Bxb3 31. axb3 a2+ 32. Kc2 Nb4+ 33. Kd2 Rd8+ 34. Kc1 Qxc5+ 35. Bc4 Nd3+ 36. Kc2 Nb4+ 37. Kc1 Nd3+ 38. Kc2 Rh5) 30. Bxd4 (30. Bc4 $1 $15) 30... exd4 (30... Rh5 $1 $19 {[%cal Rh5g5]} 31. Bxe5 Qxc5) 31. Nb3 $17 Rh5 $36 {[%mdl 2048] Black is in control.} 32. Qd2 Bxb3 33. axb3 Rxc5 ({Don't play} 33... Qxc5 34. Qxd4 Qa5 35. Bc4 $11) 34. Bc4 $2 {[%mdl 8192]} ({White must play} 34. Qxd4 $15 Rc2 35. Bc4 Rxg2 36. e5) 34... Rd8 $19 35. Rc1 {[#]} (35. Rhe1 {might work better.} Kg8 36. Rc1) 35... d3 $1 {[%mdl 512]} 36. Rhd1 (36. Qxb4 $142 d2 37. Rcd1) (36. Bxd3 a2+) 36... Qe5 37. Ka2 Nh5 38. Rb1 Nf4 39. Qxb4 Rb8 (39... Ne2 $142 40. f4 Qd4) 40. Qd2 Ne2 41. Rdc1 Nxc1+ 42. Rxc1 Qd4 $2 (42... Rd8 43. Rd1 Kg8) 43. Rc3 Qf6 $1 44. f4 Rcc8 45. e5 Qb6 46. Qxd3 Rd8 47. Qe2 Rd4 48. f5 Rf4 {And now ...Rf2 would win.} 49. Rc2 Rxf5 50. e6 {[#]} Re8 (50... fxe6 $142 $1 {aiming for ...Re8.} 51. Qxe6 Qxe6 52. Bxe6 Ra5) 51. Qe1 $17 fxe6 {Strongly threatening ...Rf4.} 52. Qxh4 Qe3 53. g4 {[#]} (53. Re2 $17 Qc5 54. Rc2) 53... Rc5 ({Black should play} 53... Re5 $1 $19 54. Re2 Qd4 55. Qf2+ Qxf2 56. Rxf2+ Ke7 57. Kxa3 Re3) 54. Rf2+ $2 {[%mdl 8192]} (54. Rg2 $17) 54... Kg8 $19 {( -> ...Rxc4!). Black is clearly winning.} 55. Re2 Qd4 56. Qe1 Rxc4 57. bxc4 Qxc4+ {Precision: White = 36%, Black = 67%.} 0-1

[Event "RUS-chT Premier League 2018"]
[Site "Sochi"]
[Date "2018.05.02"]
[Round "2"]
[White "Svidler, Peter"]
[Black "Dubov, Daniil"]
[Result "1/2-1/2"]
[WhiteElo "2760"]
[BlackElo "2696"]
[Annotator "TA"]
[PlyCount "90"]
[EventDate "2018.??.??"]
[EventCountry "RUS"]
[SourceTitle "playchess.com"]
[Source "ChessBase"]
[SourceQuality "1"]

{[%evp 18,90,22,20,10,15,0,-6,-6,-9,0,-41,-28,-35,-38,-29,0,0,0,0,0,0,0,0,10,7,12,8,1,3,3,3,6,0,54,52,54,52,52,52,52,52,60,57,57,57,59,54,76,76,76,76,76,76,76,76,76,76,76,30,30,30,30,29,29,29,29,29,29,29,29,0,0,0,0]} 1. Nf3 c5 2. c4 Nf6 3. d4 cxd4 4. Nxd4 Nc6 5. Nc3 e6 6. g3 Qb6 7. Nf3 {A33: Symmetrical English: 2 Nf3 Nf6 3 d4 cxd4 4 Nxd4 e6 5 Nc3 Nc6} d5 (7... Bc5 8. e3 Bb4 9. Bd2 d5 10. cxd5 exd5 11. Bg2 O-O 12. O-O Bg4 13. Qb3 Ba5 14. Qxb6 Bxb6 15. Na4 Ne4 16. Rfd1 {½-½ (16) Svidler,P (2765)-Anand,V (2782) Riadh 2017}) 8. cxd5 exd5 9. Bg2 d4 10. Na4 {LiveBook: 3 Games} Bb4+ 11. Bd2 Qb5 12. b3 $146 ({Predecessor:} 12. O-O Bxd2 13. Nxd2 O-O 14. Rc1 Bg4 {½-½ (26) Sargissian,G (2677)-Kovchan,A (2596) Batumi 2018}) 12... O-O {next ...d3 is good for Black.} 13. O-O Be7 14. Bg5 Bg4 {[#] Hoping for ...Bxf3.} 15. Bxf6 Bxf6 ({Don't play} 15... gxf6 $6 16. Nxd4 Qe5 17. Nxc6 $16 (17. Bxc6 Rad8 $14)) 16. Rc1 d3 (16... Rad8 {is more complex.} 17. Nc5 Rfe8 18. Qd3 Qb6 19. Qd2 Be7) 17. Qxd3 Qxd3 18. exd3 Rac8 19. h3 Bf5 20. Nc5 Nb4 21. Nxb7 Bxd3 22. Rxc8 Rxc8 23. Re1 Nxa2 24. Ne5 Bf5 25. Nc6 $36 {[%mdl 2048] Threatens to win with Nd6. White is more active.} Be6 (25... Bd7 $11 26. Ne7+ Bxe7 27. Rxe7 Be6) 26. Nc5 $14 Nb4 27. Nxe6 Nxc6 28. Bxc6 {aiming for Nf4.} fxe6 {[%mdl 4096] Endgame KRB-KRB} ({But not} 28... Rxc6 $2 {[#]} 29. Nd8 $1 $18 {[%mdl 512]}) 29. Bd7 Rd8 30. Bxe6+ Kf8 31. Re2 Re8 32. Kg2 h5 33. f4 g6 34. Kf3 Kg7 35. g4 hxg4+ 36. hxg4 {[%cal Bh3g4,Bg4g5][%mdl 32]} a5 37. g5 Bc3 38. Rc2 Rxe6 39. Rxc3 $11 {KR-KR} Rb6 40. Ke4 Rb4+ 41. Ke5 a4 42. bxa4 Rxa4 43. Rc7+ Kf8 44. f5 {f6 is the strong threat.} Ra5+ 45. Kf6 {[%cal Rc7c8]} Ra6+ {Precision: White = 69%, Black = 78%.} 1/2-1/2

[Event "RUS-chT Premier League 2018"]
[Site "Sochi"]
[Date "2018.05.02"]
[Round "2"]
[White "Tomashevsky, Evgeny"]
[Black "Paravyan, David"]
[Result "1/2-1/2"]
[WhiteElo "2714"]
[BlackElo "2631"]
[Annotator "TA"]
[PlyCount "241"]
[EventDate "2018.??.??"]
[EventCountry "RUS"]
[SourceTitle "playchess.com"]
[Source "ChessBase"]
[SourceQuality "1"]

{[%evp 10,241,12,9,11,4,30,10,15,9,48,41,32,26,64,48,77,60,51,20,16,17,43,28,51,31,39,0,-4,-26,-27,-26,-21,-31,-31,-34,6,0,0,0,0,0,13,12,16,16,16,16,16,20,22,31,26,8,11,7,176,192,200,200,200,200,200,200,200,199,198,195,187,76,71,66,58,61,58,53,42,62,57,60,55,45,71,71,69,31,53,53,47,18,27,20,48,14,73,73,73,74,75,65,64,64,80,80,80,85,196,189,252,186,182,171,208,180,173,66,66,61,61,61,61,8,80,0,60,0,59,53,64,64,64,64,64,64,79,79,79,79,80,79,79,79,79,79,79,8,79,79,79,79,79,8,79,8,80,80,80,80,80,80,80,80,80,79,79,8,8,0,80,8,8,8,79,79,79,80,79,0,79,79,79,8,8,8,8,8,79,8,79,8,80,80,79,8,8,8,8,8,8,8,8,8,8,8,8,8,8,8,8,8,8,0,8,8,8,8,8,8,8,8,8,0,8,8,8,8,8,8,8,8,8,0,0,0]} 1. d4 Nf6 2. Nf3 g6 3. Bg5 {[%cal Bc1g5,Bg5h4,Bh4g3][%mdl 32]} Bg7 4. Nbd2 O-O 5. e3 d6 6. c3 {LiveBook: 295 Games} Bf5 {A48: 1 d4 Nf6 2 Nf3 g6: Torre, London and Colle Systems} 7. Be2 h6 (7... Nbd7 8. O-O h6 9. Bh4 Re8 10. Qb3 Qc8 11. Rfe1 e5 12. Bc4 d5 13. Bxd5 Nxd5 14. e4 {½-½ (35) Kramnik,V (2808)-Nepomniachtchi,I (2732) Leuven 2017}) 8. Bh4 g5 $146 ({Predecessor:} 8... c5 9. O-O Nc6 10. Bg3 cxd4 11. exd4 Nh5 12. Nh4 Nxg3 13. hxg3 Bd7 14. Nhf3 e5 15. dxe5 dxe5 {0-1 (38) Lesnik,M (1982)-Pesec,F (2176) Celje 2008}) 9. Bg3 Nh5 10. Nf1 {[%cal Bd2f1,Bf1h2,Bh2f3][%mdl 32]} Bg6 11. N3d2 Nf6 12. h4 c5 13. hxg5 hxg5 14. Nh2 cxd4 15. exd4 e5 16. dxe5 dxe5 17. Nhf3 Nh5 18. Nc4 Nxg3 19. fxg3 Nd7 {[%cal Bb8d7,Bd7c5,Bc5a4][%mdl 32]} 20. Qd5 Qc7 21. Qd6 Qxd6 22. Nxd6 Bf6 23. O-O Kg7 24. Rad1 Nc5 25. Nd2 Be7 26. Nf5+ $1 Bxf5 $1 27. Rxf5 f6 28. b4 Na4 29. Ne4 {Rd7 is the strong threat.} Rad8 30. g4 a5 31. Rxd8 Rxd8 32. Bb5 Nxc3 $2 (32... Nb6 $11) 33. Nxc3 $18 axb4 34. Ne4 Rd4 35. Nf2 e4 36. Kf1 e3 37. Nd3 Rxg4 38. Rd5 b6 39. Ba4 (39. Rd7 $18 Kf8 40. Bc6) 39... e2+ $16 40. Kf2 {Black must now prevent Kf3.} Bc5+ $1 41. Kf3 e1=Q $1 {( -> ...Rg3#)} 42. Nxe1 Rf4+ 43. Ke2 {Strongly threatening Nd3.} Rf2+ 44. Kd1 {Threatens to win with Rd2.} Rxa2 45. Bb3 Rb2 46. Rd7+ Kf8 47. Rd3 Ke7 48. Bc2 g4 49. g3 (49. Kc1 $5 {[%cal Rc1b2]} Ra2 50. Kb1 $16) 49... Ra2 50. Ng2 Ra1+ 51. Ke2 {With the idea Bb3.} Rh1 (51... f5 $11) 52. Ne3 Rh2+ 53. Kd1 Rh1+ 54. Kd2 $1 Rh2+ 55. Kc1 Bxe3+ 56. Rxe3+ $14 {[%mdl 4096] Endgame KRB-KR} Kd6 57. Bf5 Kc5 (57... Rf2 $16 {was necessary.} 58. Bxg4 f5) 58. Bxg4 $18 Rf2 (58... Ra2 $142 59. Bf5 Ra3) 59. Bc8 Kd4 60. Rb3 $1 f5 61. Kd1 $1 (61. Rxb4+ Kc3 $11) 61... Ke5 62. Bb7 ({Don't play} 62. Rxb4 $6 Rf3 $16) ({White should play} 62. Bd7 $1 $18) 62... Ra2 $1 $14 63. Re3+ Kd4 64. Rf3 Ra3 65. Kd2 (65. Rf4+ $14 Ke5 66. Rxb4) 65... Ra2+ (65... Rxf3 $11 66. Bxf3 b3) 66. Kc1 ({White should try} 66. Ke1 $1 $16) 66... Ra3 (66... Ra7 $1 $11) 67. Rf4+ (67. Rxf5 $14 Rxg3 68. Kb2) 67... Ke5 (67... Kc3 $11 68. Rf3+ Kd4) 68. Bf3 b5 69. Kd2 Rc3 70. Be2 {And now Bd3 would win.} ({Much worse is} 70. Rxb4 Rxf3 71. Rxb5+ Kf6 $15) 70... Rxg3 71. Rxb4 f4 72. Rxb5+ Ke4 73. Rb4+ Ke5 74. Ke1 Rg2 75. Kf1 Rh2 76. Bf3 Ra2 77. Be2 (77. Bb7 $16) 77... Ra3 (77... Kf5 $1 $11) 78. Kf2 $16 Rc3 79. Ra4 Rb3 80. Ra8 (80. Bf1 $16) 80... Rc3 (80... Ke4 $1 $11) 81. Rd8 (81. Bf1 $1 $16) 81... Rh3 (81... Ke4 $1 $11) 82. Re8+ Kf5 83. Bf3 Rg3 84. Be4+ Kf6 85. Rf8+ Ke5 86. Bh7 Rh3 87. Re8+ (87. Bf5 $16 Ra3 88. Bg4) 87... Kf6 $1 $11 88. Be4 Rb3 (88... Rg3 $1 $11) 89. Bc6 (89. Rf8+ $16 Ke5 90. Re8+ Kf6 91. Rd8) 89... Rc3 $1 90. Bb7 Re3 (90... Rb3 $1 $11) 91. Rf8+ $16 ({Reject} 91. Rxe3 fxe3+ 92. Kxe3 $11) 91... Ke5 92. Rh8 Kf6 93. Rf8+ Ke5 94. Bc8 Rc3 {[#]} 95. Re8+ ({Better is} 95. Bf5 $1 $16) 95... Kf6 $11 96. Bg4 Rb3 97. Rc8 Re3 (97... Ke5 $1 $11) 98. Bd1 $16 Ke5 {[#]} (98... Rd3 $11 {remains equal.}) 99. Rc5+ $1 Ke4 (99... Kf6 $1 $11 {keeps the balance.}) 100. Bc2+ Kd4 101. Ra5 (101. Rf5 $16 Rc3 102. Rxf4+ Kc5 103. Bd1) 101... Rh3 $11 {The position is equal.} 102. Bb1 Rb3 $1 103. Bh7 Rh3 $1 104. Bg6 Rg3 $1 105. Bf5 Rb3 106. Bd7 Rc3 $1 107. Bg4 Ke4 108. Bd1 Kd4 109. Bh5 $1 Rb3 110. Bg6 Rg3 111. Ra4+ Ke5 $1 112. Bb1 Rb3 113. Re4+ Kd5 114. Re1 {Hoping for Ba2.} Re3 115. Rh1 Rc3 116. Rh5+ Ke6 $1 117. Rf5 Rc4 $1 118. Kf3 Rc1 $1 119. Be4 Re1 120. Ra5 Rf1+ 121. Kg4 {Precision: White = 64%, Black = 51%.} 1/2-1/2

[Event "RUS-chT Premier League 2018"]
[Site "Sochi"]
[Date "2018.05.02"]
[Round "2"]
[White "Fedoseev, Vladimir"]
[Black "Najer, Evgeniy"]
[Result "1-0"]
[WhiteElo "2706"]
[BlackElo "2674"]
[Annotator "TA"]
[PlyCount "81"]
[EventDate "2018.??.??"]
[EventCountry "RUS"]
[SourceTitle "playchess.com"]
[Source "ChessBase"]
[SourceQuality "1"]

{[%evp 9,81,0,11,-3,13,11,24,14,25,22,16,24,14,24,19,33,30,36,40,24,47,60,46,43,39,39,45,47,53,34,45,43,29,25,27,35,36,0,0,0,-10,-83,-63,-111,-79,-110,-119,-129,-100,-74,-98,-169,-135,-335,-300,-289,-49,-233,-243,-215,-185,-157,220,230,206,225,235,209,180,75,29996,29997,29997,29998]} 1. e4 c5 2. Nc3 d6 3. d4 cxd4 4. Qxd4 Nc6 5. Qd2 (5. Bb5 Bd7 6. Bxc6 Bxc6 7. Nge2 Nf6 8. f3 e5 9. Qd3 h6 10. Be3 Be7 11. O-O-O {0-1 (37) Guseinov,G (2646)-Amonatov,F (2636) Riadh 2017}) 5... Nf6 6. b3 {B23: Closed Sicilian: Lines without g3} e5 $146 ({Predecessor:} 6... g6 7. Bc4 Bg7 8. Nf3 Nxe4 9. Nxe4 Bxa1 10. c3 Bf5 11. Neg5 e6 {0-1 (21) Windle,N (1316)-Zillmer,J (1435) IECC email 2000}) 7. Bb2 Be7 8. g3 {White has an edge.} O-O 9. Bg2 Nd4 10. Nge2 Nxe2 11. Qxe2 Bg4 12. Qd3 Rc8 13. O-O Qc7 14. a4 {[%cal Ba2a4,Ba4a5][%mdl 32]} Qc5 15. Rfc1 Rfd8 16. a5 a6 17. Qd2 Qc6 18. h3 Bd7 19. Kh2 h5 20. f4 b5 21. Nd5 Nxd5 22. exd5 Qc7 23. Qe2 (23. c4 $5) 23... h4 24. gxh4 Re8 25. Qf2 (25. Be4 $11 {remains equal.}) 25... Qd8 $1 $17 26. Be4 f5 27. Bf3 Bxh4 28. Qg2 g5 29. fxe5 dxe5 30. Bh5 (30. c4 $17 {is a better defense.} e4 31. Bh5) 30... Re7 $19 31. c4 $2 (31. Rf1 $17 {was necessary.}) 31... Rh7 $1 {[%cal Rh7h5]} 32. Be2 {[#]} f4 $2 (32... g4 $1 $19 {[%mdl 512] ...Bg5 is the strong threat.} 33. Kg1 (33. hxg4 Bf2+) 33... Qg5) 33. Qe4 $2 (33. Bxe5 $2 Qe8 $19) (33. Kg1 $15) 33... Qf6 $1 {aiming for ...Bg3+.} 34. cxb5 (34. Bxe5 Qf5 $11) 34... Bg3+ 35. Kg1 Bxh3 $2 {[#]} (35... Rxh3 $17 {keeps the pressure on.} 36. Rxc8+ (36. Bxe5 Rh1+ 37. Qxh1 Rxc1+ 38. Rxc1 Qxe5 $11) (36. bxa6 $2 Bh2+ 37. Kh1 f3 $17) 36... Bxc8) 36. Bd3 $1 $18 (36. Bxe5 Qh6 $11) ({Inferior is} 36. Qxe5 Qxe5 37. Rxc8+ Bxc8 $11) ({Not} 36. bxa6 Rxc1+ 37. Rxc1 Bh2+ 38. Kf2 (38. Kh1 $2 Bf5 $19) 38... Bg3+ 39. Kg1 Bh2+ 40. Kf2 (40. Kh1 $2 Bf5 $17) 40... Bg3+ 41. Kg1 $11) 36... Bh2+ 37. Kh1 Rh4 38. Bxe5 Qh6 {[#] White must now prevent ...Rxc1+.} 39. Bd4 ({Stronger than} 39. Rc6 Rxc6 40. dxc6 Bg3 $11) (39. Qg6+ $1 $18 {and White stays clearly on top.} Qxg6 40. Bxg6) 39... f3 $2 {[%mdl 8192]} (39... Kf7 $16) 40. Rxc8+ Bxc8 41. Qe8+ {Precision: White = 44%, Black = 61%.} 1-0

[Event "RUS-chT Premier League 2018"]
[Site "Sochi"]
[Date "2018.05.02"]
[Round "2"]
[White "Rodshtein, Maxim"]
[Black "Grachev, Boris"]
[Result "1-0"]
[WhiteElo "2681"]
[BlackElo "2647"]
[Annotator "TA"]
[PlyCount "99"]
[EventDate "2018.??.??"]
[EventCountry "RUS"]
[SourceTitle "playchess.com"]
[Source "ChessBase"]
[SourceQuality "1"]

{[%evp 22,99,54,20,18,12,64,47,54,62,45,55,56,55,54,35,42,42,37,37,52,52,59,46,55,50,59,64,87,62,83,69,77,78,67,64,80,95,112,115,85,95,157,146,160,147,145,160,142,134,160,100,208,116,116,116,116,114,116,116,116,116,116,116,116,116,116,116,112,107,126,126,122,125,150,141,262,258,4670,4710]} 1. c4 e6 2. Nf3 d5 3. d4 Nf6 4. g3 Be7 5. Bg2 O-O 6. O-O dxc4 7. Qc2 c6 8. Qxc4 b5 9. Qc2 Bb7 10. Rd1 {D30: Queen's Gambit Declined: Systems without Nc3} Nbd7 11. Nc3 Rc8 (11... Qb6 12. Ne5 Rfd8 13. Be3 Nd5 14. Nxd5 cxd5 15. Rac1 Rac8 16. Qd3 b4 17. Rxc8 Bxc8 {½-½ (41) So,W (2799)-Mamedyarov,S (2809) Berlin 2018}) 12. Bg5 {LiveBook: 3 Games. White is slightly better.} c5 13. Bxf6 $146 ({Predecessor:} 13. dxc5 Rxc5 14. Be3 Rc8 15. a3 Qc7 16. Rac1 a6 17. Qb1 Qb8 18. Ng5 Rfd8 19. Nge4 Nxe4 20. Nxe4 Nf6 21. Rxc8 Rxc8 22. Bd4 Nxe4 23. Bxe4 h6 {½-½ (23) Andriasian,Z (2586)-Ni,H (2670) chess.com INT 2018}) 13... Bxf6 {[#]} (13... Nxf6 $11 14. dxc5 Qa5) 14. Ng5 $1 $14 {[%mdl 512]} Bxg5 15. Bxb7 Rc7 $1 16. dxc5 $1 Rxc5 {...b4 is the strong threat.} 17. Qb3 $1 Qe7 18. Bg2 (18. Nxb5 Rb8 $11) 18... Nf6 19. a4 ({Much weaker is} 19. Nxb5 Rb8 $15) 19... bxa4 20. Rxa4 g6 21. Qa3 Rc7 22. Nb5 {Black must now prevent f4.} Qxa3 23. bxa3 Rc2 24. Bf3 $36 {[%mdl 2048] White has good play.} e5 25. h4 Bd2 26. Nxa7 Re8 27. Nb5 e4 28. Bg2 e3 29. f4 Rb2 30. Nd6 Re6 31. Nc4 Ra2 (31... Rc2 $142) 32. Bf3 $16 Ne4 33. Ra8+ Kg7 34. Kg2 Nc3 35. Rf1 Rc2 36. Ra7 ({White should play} 36. Ne5) 36... Nb5 {[#]} (36... Bc1 $16) 37. Rb7 (37. Rd7 $1 $18) 37... Rxc4 38. Rxb5 {Threatens to win with Bd5.} Ra4 39. Ra1 Rea6 40. Rb7 Ra7 41. Rxa7 Rxa7 {[%mdl 4096] Endgame KRB-KRB} 42. a4 Ra5 43. Bc6 Rc5 44. Bb5 h6 45. Kf3 g5 46. Bd3 gxh4 47. gxh4 Kf6 48. Rb1 Rh5 (48... h5 $16 49. Rb6+ Ke7 50. Rb7+ Ke6 51. Rb6+ Ke7 52. Rb7+ Ke6) 49. Rb6+ $18 Kg7 $2 (49... Ke7 50. Rb7+ Ke8) 50. f5 {Precision: White = 90%, Black = 42%.} 1-0